000 00551nam a2200193Ia 4500
003 GCL
008 140319s9999 xx 000 0 ara d
040 _aGCL /
_cGCL
082 0 4 _aد
_b050
_bم ع
100 1 _aمؤسسة الاهرام
245 1 0 _aعلاء الدين /
_cمؤسسة الاهرام
260 _a[S.N] :
_bمؤسسة الاهرام
300 _a64
490 _aمنشورات كلية المحاسبة - غريان
_v0
650 0 4 _aالادب
650 0 4 _aالقصص
650 0 4 _aقصص الاطفال
942 _2ddc
_cCF
999 _c26994
_d26994